Aortálna trombóza v novorodeneckom veku

Bibliographic Details
Main Authors: Polakovič, Daniel (Author), Franková, E. (Author), Belošovičová, M. (Author), Benedeková, M. (Author)
Corporate Author: Slovenský pediatrický kongres (Author)
Format: Conference Proceeding Article
Language:Slovak
ISSN:0069-2328
Subjects:

MARC

LEADER 00000nab a2200000 a 4500
001 vtls000786766
003 SK-MaSNL
005 20260304215232.0
008 141112c2001 xo 0 slo
015 |a SNBRB2002/04-11903 
035 |a CLN000138421 
040 |a SNKBUCL  |b slo  |c SNKBUCL  |e AACR2 
041 0 |a slo 
044 |a xo  |c SK 
080 |a 616.132-005.6-053.31  |2 1997 
245 0 0 |a Aortálna trombóza v novorodeneckom veku  |c D. Polakovič ... [et al.] 
650 0 7 |a novorodenci  |2 SNKPH  |9 1225 
650 0 7 |a trombóza  |2 SNKPH  |9 14839 
650 0 7 |a trombolytická terapia  |2 SNK  |9 205011 
650 0 7 |a abstrakty z kongresu  |2 SNK  |9 168204 
650 0 7 |a terapia  |2 SNKPH  |9 781 
650 0 7 |a aorta  |2 SNKPH  |9 17666 
650 0 7 |a dojčatá  |2 SNKPH  |9 31365 
650 0 7 |a deti  |2 SNKPH  |9 773 
655 7 |a články z novín a časopisov  |2 SNK  |9 267496 
700 1 |a Polakovič, Daniel  |4 aut  |9 365715 
700 1 |a Franková, E.  |4 aut  |9 775642 
700 1 |a Belošovičová, M.  |4 aut  |9 810684 
700 1 |a Benedeková, M.  |4 aut  |9 775613 
711 2 |a Slovenský pediatrický kongres  |n (3. :  |d 2001 :  |c Martin, Slovensko)  |4 aut  |9 171694 
773 0 |t Česko-slovenská pediatrie  |g Roč. 56, č. S1 (2001), s. S 19  |x 0069-2328 
850 |a Slovenská národná knižnica v Martine 
852 |a SNK  |b KIS3GCP 
958 |a MI 
999 |c 3145421  |d 3147351